| 000 | 00372nam a22001577a 4500 | ||
|---|---|---|---|
| 005 | 20160426151828.0 | ||
| 008 | 160426b xxu||||| |||| 00| 0 eng d | ||
| 020 | _a978-81-8054-719-5 | ||
| 041 | _aeng | ||
| 082 | _a00138 | ||
| 100 |
_aSwarup, Kanti _956 |
||
| 245 | _aOperations Research | ||
| 260 |
_aNew Delhi _bSultan Chand & Sons, _c2009 |
||
| 300 | _a1006 | ||
| 942 | _cBK | ||
| 999 |
_c38 _d38 |
||